La abeja de fuego: vida y obra de María Luisa Bombal

Збережено в:
Бібліографічні деталі
Автор: Vial de los Heros, Sara (Автор)
Формат: Книга
Мова:Іспанська
Опубліковано: Valparaíso Universidad Católica de Valparaíso 1986
Серія:Serie cuadernos de la Escuela de la Tercera Edad
Предмети:
Теги: Додати тег
Немає тегів, Будьте першим, хто поставить тег для цього запису!

MARC

LEADER 00000nam a2200000 a 4500
001 UCW3641
003 CL-VaPUC
008 881201e19860000CL |||||||||||||||||spa|d
082 0 4 |a 928  |b VIA  |2 21 
100 0 |a Vial de los Heros, Sara  |e author  |9 307960 
245 1 3 |a La abeja de fuego: vida y obra de María Luisa Bombal 
300 |a 49 p 
942 |c BK 
945 |d 19881201 00:00:00 
260 |a Valparaíso  |b Universidad Católica de Valparaíso  |c 1986 
500 |a Curso dictado en la 1a. Escuela de Verano para la Tercera Edad UCV 
600 0 |a Bombal, María Luisa,   |d 1910-1980  |e autora  |9 307961 
650 0 |a Crítica e interpretación   |9 255042 
583 |a last modification  |c 19881201 00:00:00  |k Rodrigo Vera 
490 0 |a Serie cuadernos de la Escuela de la Tercera Edad 
999 |c 217573  |d 217571 
952 |0 0  |1 0  |4 0  |6 928_000000000000000_VIA_1986  |7 0  |8 A  |9 205476  |a BIBEDU  |b BIBEDU  |d 2019-11-15  |i 2734117  |l 1  |m 3  |o 928 VIA 1986  |p 2734117  |q 2023-09-29  |r 2020-11-10  |s 2020-11-10  |w 2019-11-15  |y BK  |k EDU